Seminario multinacional: armonización de los programas de estudios sociales con las metas de la integración latinoamericana. Informe

Guardat en:
Dades bibliogràfiques
Autor corporatiu: Ministerio de Educación (Autor), OEA (Autor)
Format: Llibre
Idioma:espanyol
Publicat: Santiago Mac 1979
Matèries:
Etiquetes: Afegir etiqueta
Sense etiquetes, Sigues el primer a etiquetar aquest registre!

MARC

LEADER 00000nam a2200000 a 4500
001 UCO7607
003 CL-VaPUC
005 20220930122938.0
008 001117e19790000cl 1 spa d
082 0 4 |a 372.83098  |b MIN  |2 21 
110 2 |a Ministerio de Educación  |e author  |9 619824 
710 2 |a OEA  |e author  |9 619825 
245 1 0 |a Seminario multinacional: armonización de los programas de estudios sociales con las metas de la integración latinoamericana. Informe 
260 |a Santiago  |b Mac  |c 1979 
300 |a 346 p 
500 |a Donación del profesor Manfred Wilhelmy von Wolff 
583 |a last modification  |c 20190821 11:23:35  |k Rodrigo Vera 
600 1 7 |a OEA  |2 CL-VaPUC  |9 619825 
650 0 0 |a Enseñanza de las ciencias sociales  |9 337823 
650 0 0 |a Programas de estudios  |9 341189 
650 0 7 |a DESARROLLO EDUCACIONAL  |2 CL-VaPUC  |9 338398 
650 0 0 |a Desarrollo económico y social   |9 256320 
651 0 |a América Latina   |9 255027 
942 |c BK 
945 |a crobeson  |d 20001117 00:00:00 
546 |a En Español 
536 |a Centro de Perfeccionamiento, Experimentación e Investigaciónes Pedagógicas 
518 |p Armonización de los Programas de Estudios Sociales con las Metas de la Integración Latinoamericana, 1, Santiago, octubre de 1977 
999 |c 383604  |d 383602 
952 |0 0  |1 0  |4 0  |6 372_830980000000000_MIN_1979  |7 0  |8 A  |9 505783  |a BIBHIS  |b BIBHIS  |d 2020-01-23  |i 1228854  |o 372.83098 MIN 1979  |p 1228854  |r 2025-01-20  |w 2020-01-23  |y BK  |k HIS